000 00446nam a2200181Ia 4500
001 20614
005 20260306172818.0
008 260306t1980||||xx |||||||||||||| ||spa||
041 _aESP
082 _a343.51
_bB26
100 _aBasadre, Jorge
_eAUT
245 0 _aElecciones y centralismo en el Perú:
_bapuntes para un esquema histórico
260 _c1980
300 _a
_c
650 _aGEN
654 _aCDE
942 _cLIB
_dJUS
_fJUS
_2ddc
_n
999 _c20614
_d20614